Zespoły angielskiej Premier League 2025/2026 - Statystyki

Ogólne statystyki
  • Ten quiz został rozwiązany 5 374 razy
  • Średni wynik to 14 z 20
Statystyki odpowiedzi
Kluby % Poprawnych
Manchester City
98%
Manchester United
97%
Arsenal
94%
Liverpool
94%
Chelsea
91%
Tottenham Hotspur
77%
Aston Villa
75%
Everton
68%
West Ham United
67%
Leeds United
66%
Newcastle United
64%
Nottingham Forest
64%
Burnley
63%
Wolverhampton Wanderers
61%
Brighton & Hove Albion
59%
Crystal Palace
56%
Fulham
53%
Brentford
52%
Bournemouth
48%
Sunderland
48%
Nie znaleziono quizów pasujących do podanych kryteriów
Rozkład punktacji
Procent ludzi z każdym wynikiem
Percentyl według liczby udzielonych odpowiedzi
Twoja historia wyników
Nie rozwiązałeś tego quizu